[Event "Euskadi final place 1-3 (Women)"]
[Site "Santurtzi"]
[Date "2014.07.06"]
[Round "2.1"]
[White "Velte, Daniela"]
[Black "Gonzalez Etayo, Oihana"]
[Result "1-0"]
[WhiteElo "1740"]
[BlackElo "1794"]
[PlyCount "107"]
[EventDate "2014.07.06"]
[EventType "swiss"]
[EventRounds "3"]
[EventCountry "ESP"]
[SourceTitle "EXT 2024"]
[Source "ChessBase"]
[SourceDate "2023.10.10"]
[SourceVersion "1"]
[SourceVersionDate "2023.10.10"]
[SourceQuality "1"]

1. Nf3 d5 2. d4 c6 3. g3 e6 4. Bg2 f5 5. 0-0 Nf6 6. Bf4 Bd6 7. Ne5 Bxe5 8. dxe5 Nh5 9. e3 Nxf4 10. exf4 0-0 11. Nd2 Nd7 12. c4 Nc5 13. Qc2 Qb6 14. Rab1 a5 15. a3 a4 16. b4 axb3 17. Nxb3 Rxa3 18. Nd4 Qa7 19. cxd5 cxd5 20. Nb5 Ra2 21. Qc1 Nd3 22. Qc7 Qa5 23. Qe7 Qd2 24. Rbd1 Qc2 25. Nd4 Qc5 26. Qxc5 Nxc5 27. Rc1 b6 28. Rb1 Na4 29. Rfc1 Bd7 30. Rc7 Rd8 31. Nxf5 Kf8 32. Nd6 Ke7 33. f5 Re2 34. f4 Kf8 35. fxe6 Bxe6 36. f5 Rxe5 37. fxe6 Rxd6 38. Bh3 Rexe6 39. Bxe6 Rxe6 40. Rf1+ Rf6 41. Ra1 b5 42. Rb7 d4 43. Rxb5 Nc3 44. Rb7 Re6 45. Ra8+ Re8 46. Raa7 d3 47. Rf7+ Kg8 48. Rxg7+ Kh8 49. Rxh7+ Kg8 50. Rag7+ Kf8 51. Rd7 Ne2+ 52. Kf2 Nc1 53. Kf3 Kg8 54. Rc7 1-0

[Event "San Sebastian op 36th"]
[Site "San Sebastian"]
[Date "2013.03.27"]
[Round "6"]
[White "Ortega Lopez, Mikel"]
[Black "Velte, Daniela"]
[Result "1-0"]
[WhiteElo "2016"]
[BlackElo "1725"]
[PlyCount "40"]
[EventDate "2013.03.23"]
[EventType "swiss"]
[EventRounds "9"]
[EventCountry "ESP"]
[SourceTitle "CBM 153 Extra"]
[Source "ChessBase"]
[SourceDate "2013.04.22"]
[SourceVersion "1"]
[SourceVersionDate "2013.04.22"]
[SourceQuality "1"]

1. e4 d6 2. d4 Nf6 3. Nc3 g6 4. Bg5 Bg7 5. e5 dxe5 6. dxe5 Nfd7 7. f4 f6 8. exf6 exf6 9. Bh4 Qe7+ 10. Be2 Qb4 11. Qd2 Nb6 12. 0-0-0 Nc6 13. a3 Qa5 14. Qe3+ Kf7 15. Bd3 Re8 16. Qf3 Nd4 17. Bxg6+ hxg6 18. Rxd4 f5 19. Rd3 Bxc3 20. Rxc3 Nc4 1-0

[Event "San Sebastian op 36th"]
[Site "San Sebastian"]
[Date "2013.03.25"]
[Round "4"]
[White "Segovia Sanchez, Antonio"]
[Black "Velte, Daniela"]
[Result "1-0"]
[WhiteElo "2018"]
[BlackElo "1725"]
[PlyCount "67"]
[EventDate "2013.03.23"]
[EventType "swiss"]
[EventRounds "9"]
[EventCountry "ESP"]
[SourceTitle "CBM 153 Extra"]
[Source "ChessBase"]
[SourceDate "2013.04.22"]
[SourceVersion "1"]
[SourceVersionDate "2013.04.22"]
[SourceQuality "1"]

1. d4 Nf6 2. Nf3 d6 3. g3 g6 4. Bg2 Bg7 5. 0-0 0-0 6. c4 Nbd7 7. Nc3 Rb8 8. a4 e5 9. b3 exd4 10. Nxd4 a6 11. Bb2 c5 12. Nc2 Ne5 13. Qd2 b5 14. axb5 axb5 15. Nxb5 Be6 16. Rfd1 Bxc4 17. Nxd6 Bxb3 18. Bxe5 Ne4 19. Nxe4 Bxe5 20. Rac1 Qb6 21. Qh6 Bg7 22. Qh4 Rfd8 23. Rxd8+ Rxd8 24. Ne3 c4 25. Nc3 Rd2 26. Nxc4 Bxc4 27. Qxc4 Bd4 28. Ne4 Rb2 29. e3 Bxe3 30. fxe3 Qxe3+ 31. Kh1 Rb4 32. Qc8+ Kg7 33. Qc3+ Qxc3 34. Nxc3 1-0

[Event "Euskadi-ch (Women)"]
[Site "Bilbao"]
[Date "2011.07.03"]
[Round "5"]
[White "Velte, Daniela"]
[Black "Corral Yugueros, Nuria"]
[Result "1-0"]
[WhiteElo "1775"]
[BlackElo "1661"]
[PlyCount "129"]
[EventDate "2011.07.01"]
[EventType "swiss"]
[EventRounds "5"]
[EventCountry "ESP"]
[SourceTitle "EXT 2024"]
[Source "ChessBase"]
[SourceDate "2023.10.10"]
[SourceVersion "1"]
[SourceVersionDate "2023.10.10"]
[SourceQuality "1"]

1. Nf3 Nf6 2. d4 d5 3. g3 e6 4. Bg2 c5 5. 0-0 Nc6 6. c4 dxc4 7. Qa4 Bd7 8. Qxc4 Na5 9. Qc2 cxd4 10. Nxd4 Rc8 11. Qd3 Be7 12. Nc3 0-0 13. Ndb5 Bxb5 14. Qxb5 Rc5 15. Qa4 Rc4 16. Qc2 Qc7 17. Bf4 e5 18. Be3 a6 19. Qf5 Rd8 20. Ne4 Nxe4 21. Bxe4 g6 22. Qf3 Kg7 23. Bd5 Rxd5 24. Qxd5 Rc2 25. Rac1 Rxc1 26. Rxc1 Nc6 27. Bc5 Bf6 28. Qd6 Qc8 29. Be3 Qf5 30. a3 Be7 31. Qc7 Bg5 32. Qxb7 Nd4 33. Qxa6 Bxe3 34. fxe3 Nb3 35. Rf1 Qd7 36. Qd3 Qe6 37. Kg2 Nc5 38. Qc2 Qd5+ 39. Kg1 Ne6 40. Rd1 Qb5 41. a4 Qb6 42. Qc3 f6 43. b4 Ng5 44. Qc5 Qb7 45. Rd5 Kh6 46. a5 Qa6 47. Qb5 Qc8 48. Qd7 Qc1+ 49. Rd1 Qxe3+ 50. Kf1 Qe4 51. Qd5 Qxb4 52. a6 Qb6 53. h4 Nh3 54. Qg2 Qb3 55. Re1 Qb6 56. Qxh3 Qxa6 57. Rd1 Qa4 58. Qd7 Qe4 59. Kf2 Qc4 60. Qd2+ Kg7 61. Qe3 Qe6 62. Ra1 Qf5+ 63. Kg2 g5 64. Ra7+ Kg6 65. h5+ 1-0

[Event "Euskadi-ch (Women)"]
[Site "Bilbao"]
[Date "2011.07.02"]
[Round "2"]
[White "Barrio Ugidos, Ainhoa"]
[Black "Velte, Daniela"]
[Result "0-1"]
[WhiteElo "1683"]
[BlackElo "1775"]
[PlyCount "96"]
[EventDate "2011.07.01"]
[EventType "swiss"]
[EventRounds "5"]
[EventCountry "ESP"]
[SourceTitle "EXT 2024"]
[Source "ChessBase"]
[SourceDate "2023.10.10"]
[SourceVersion "1"]
[SourceVersionDate "2023.10.10"]
[SourceQuality "1"]

1. e4 d6 2. d4 Nf6 3. Nc3 g6 4. f4 Bg7 5. Nf3 0-0 6. Bd3 c5 7. d5 a6 8. a4 Qc7 9. 0-0 c4 10. Be2 Ng4 11. Qe1 Nd7 12. h3 Qb6+ 13. Kh1 Ne3 14. Bxe3 Qxe3 15. Bxc4 Qxf4 16. Rd1 Nc5 17. Nd4 Qh6 18. Kg1 Be5 19. Rf3 Qg7 20. Nde2 Bd7 21. a5 Rab8 22. Ra1 b5 23. axb6 Rxb6 24. Ra2 Rfb8 25. Qc1 Bd4+ 26. Nxd4 Qxd4+ 27. Kh2 Qxc4 28. Qf4 Rf8 29. Qe3 Rb4 30. Rf4 Qd4 31. Qg3 Qe5 32. Kh1 Nxe4 33. Nxe4 Rxe4 34. Rf3 Qxg3 35. Rxg3 Rd4 36. Rxa6 Rxd5 37. Ra7 Bf5 38. c3 e5 39. h4 h5 40. Rb7 Ra8 41. b4 Ra1+ 42. Kh2 Rdd1 43. Re3 Be6 44. Rb8+ Kg7 45. Rb7 Rd2 46. Rg3 Raa2 47. Rb5 Bd5 48. Rb6 Bxg2 0-1

[Event "Euskadi-ch (Women)"]
[Site "Bilbao"]
[Date "2010.06.13"]
[Round "5"]
[White "Velte, Daniela"]
[Black "Garcia Martinez, Enara"]
[Result "1-0"]
[WhiteElo "1768"]
[BlackElo "1631"]
[PlyCount "67"]
[EventDate "2010.06.11"]
[EventType "tourn"]
[EventRounds "5"]
[EventCountry "ESP"]
[SourceTitle "EXT 2024"]
[Source "ChessBase"]
[SourceDate "2023.10.10"]
[SourceVersion "1"]
[SourceVersionDate "2023.10.10"]
[SourceQuality "1"]

1. Nf3 d5 2. d4 Nc6 3. g3 f6 4. Bg2 Bf5 5. 0-0 e6 6. Nbd2 Bg6 7. Nh4 Bf7 8. c3 Bd6 9. e4 dxe4 10. Nxe4 Nge7 11. c4 Ng6 12. Nf3 0-0 13. a3 b6 14. Nxd6 Qxd6 15. Nd2 Rad8 16. Ne4 Qxd4 17. Qa4 e5 18. Nxf6+ gxf6 19. Qxc6 Qxc4 20. Qxf6 Qe6 21. Qf3 Qd5 22. Qc3 Qd6 23. Bh6 Rfe8 24. Rac1 c5 25. Bf3 Ne7 26. Bg5 Qe6 27. Rfe1 Rd4 28. Qe3 Ng6 29. Rcd1 Rxd1 30. Rxd1 Qf5 31. Bc6 Rb8 32. Be4 Qe6 33. h4 Be8 34. Bd5 1-0

[Event "Gipuzkoa-ch"]
[Site "Zarautz"]
[Date "2009.10.24"]
[Round "1"]
[White "Velte, Daniela"]
[Black "Garrido Fernandez, David"]
[Result "1-0"]
[WhiteElo "1760"]
[BlackElo "1977"]
[PlyCount "95"]
[EventDate "2009.10.24"]
[EventType "swiss"]
[EventRounds "7"]
[EventCountry "ESP"]
[SourceTitle "EXT 2012"]
[Source "ChessBase"]
[SourceDate "2011.11.24"]
[SourceVersion "1"]
[SourceVersionDate "2011.11.24"]
[SourceQuality "1"]

1. Nf3 f5 2. d4 Nf6 3. g3 g6 4. Bg2 Bg7 5. 0-0 0-0 6. c3 e6 7. Qb3 Nc6 8. Bg5 h6 9. Bf4 g5 10. Be5 d6 11. Bxf6 Qxf6 12. d5 exd5 13. Qxd5+ Be6 14. Qb5 Rab8 15. Nbd2 a6 16. Qd3 Rbd8 17. Qc2 Rfe8 18. e4 f4 19. Rad1 Bf7 20. Nb3 g4 21. Nh4 f3 22. Bh1 Qe5 23. Nd2 d5 24. exd5 Rxd5 25. Ng6 Qg5 26. Nf4 Rde5 27. h4 Qf6 28. b3 h5 29. Nc4 Re2 30. Qd3 Rd8 31. Qb1 Rde8 32. Rd7 Bh6 33. Nxe2 fxe2 34. Re1 Bg6 35. Bd5+ Kh8 36. Qb2 Qf5 37. Bxc6 bxc6 38. Rxc7 Qf3 39. Nd6 Re6 40. Rc8+ Kh7 41. Rc7+ Kg8 42. Rc8+ Kh7 43. c4 Bg7 44. Rc7 Rf6 45. Rxe2 Qd3 46. Ne8 Qd1+ 47. Kg2 Be4+ 48. Rxe4 1-0